| 000 | 00545nam a22001937a 4500 | ||
|---|---|---|---|
| 005 | 20130627111436.0 | ||
| 010 | _aENG-107745 | ||
| 020 |
_a9781259026584 _c550.00 |
||
| 020 |
_a1259026582 _c550.00 |
||
| 035 | _aEN-91278 | ||
| 037 | _bDBAD/PUB | ||
| 100 | _aPathak, Akhileshwar | ||
| 245 |
_aLegal aspects of businees / _cby Akhileshwar Pathak |
||
| 250 | _a5th ed. | ||
| 260 |
_bTata McGraw Hill _c2013 _aNew Delhi |
||
| 270 |
_aP-24, Green Park Extnsion _bNew Delhi _e110016 |
||
| 300 |
_axxx,784p. _c23cm(pbk) _bill. |
||
| 942 |
_2ddc _cEN _mPAT |
||
| 999 |
_c77002 _d77002 |
||